[Event "Satty Zhuldyz Rapid 2023"]
[Site "Astana KAZ"]
[Date "2023.04.20"]
[Round "1.1"]
[White "Assaubayeva, Bibisara"]
[Black "Lagno, Kateryna"]
[Result "1/2-1/2"]
[WhiteTitle "IM"]
[BlackTitle "GM"]
[WhiteElo "2440"]
[BlackElo "2560"]
[WhiteFideId "13708694"]
[BlackFideId "14109336"]
[EventDate "2023.04.20"]

1. c4 e6 2. g3 d5 3. Bg2 d4 4. Nf3 Nc6 5. O-O Nf6 6. d3 Bc5 7. Nbd2 O-O 8. Nb3
Be7 9. e3 dxe3 10. Bxe3 Ng4 11. Bc5 Rb8 12. d4 b6 13. Bxe7 Nxe7 14. Qc2 Bb7 15.
Rad1 Nf6 16. Rfe1 h6 17. Nc1 Qd6 18. Ne2 c5 19. b3 Rfd8 20. Qb2 Nf5 21. d5 exd5
22. cxd5 Nxd5 23. Nf4 Qf6 24. Qxf6 Nxf6 25. Ne5 Nd4 26. h4 Re8 27. h5 Bxg2 28.
Kxg2 Rbd8 29. Nc4 Kf8 30. Ne3 Re5 31. Nc2 Rxe1 32. Nxe1 Nd5 33. Ned3 Nc3 34. Rd2
Re8 35. b4 Ne4 36. Rd1 c4 37. Nc1 Nc2 38. b5 Nc3 39. Rd2 Ne1+ 40. Kh3 Nxb5 41.
Nce2 Nf3 42. Rd5 Ng5+ 43. Kg2 Nc7 44. Rd7 Rc8 45. Nd4 Nce6 46. Nb5 c3 47. Ne2 c2
48. Nc1 a6 49. Nd6 Rc7 50. Rxc7 Nxc7 51. Nc4 Nd5 52. Na3 Nb4 53. Nc4 Ne4 54. Ne3
Nc5 55. a3 Nbd3 56. Nxd3 Nxd3 57. Nxc2 Ne5 58. f4 Nc4 59. Kf3 f5 60. g4 fxg4+
61. Kxg4 Nd6 62. f5 Kf7 63. Kf4 Ne8 64. Nb4 Nf6 65. Nxa6 Nxh5+ 66. Kg4 Nf6+ 67.
Kf4 Ke7 68. Ke5 Nd7+ 69. Kf4 Kd6 70. Nb4 Kc5 71. Ke4 Kc4 72. Nc2 b5 73. Nd4 Nf6+
74. Ke5 h5 75. Ne6 h4 76. Kf4 Kb3 77. Nd4+ Ka4 78. Kf3 Ka5 79. Kf4 Ka4 80. Kf3
Ka5 81. Kf4 Ka4 82. Kf3 h3 83. Kg3 Ne4+ 84. Kxh3 Nd6 85. Kg4 Kxa3 86. Nxb5+ Nxb5
87. Kg5 Nd6 88. Kg6 Ne8 89. Kf7 1/2-1/2

[Event "Satty Zhuldyz Rapid 2023"]
[Site "Astana KAZ"]
[Date "2023.04.20"]
[Round "1.2"]
[White "Gelfand, Boris"]
[Black "Vakhidov, Jakhongir"]
[Result "1-0"]
[WhiteTitle "GM"]
[BlackTitle "GM"]
[WhiteElo "2678"]
[BlackElo "2607"]
[WhiteFideId "2805677"]
[BlackFideId "14201801"]
[EventDate "2023.04.20"]

1. Nf3 Nf6 2. c4 e6 3. g3 d5 4. d4 dxc4 5. Bg2 c6 6. Ne5 Bb4+ 7. Nc3 Nd5 8. O-O
Nxc3 9. bxc3 Bxc3 10. Nxc4 b5 11. Bb2 Bxb2 12. Nxb2 a5 13. e3 Ba6 14. Qc2 O-O
15. Rfd1 b4 16. a3 bxa3 17. Rxa3 Bb5 18. Qc3 Nd7 19. Rda1 Qb8 20. Rxa5 Rxa5 21.
Rxa5 e5 22. Nc4 exd4 23. exd4 g6 24. Ne3 Rc8 25. Bh3 Rd8 26. Bg2 Rc8 27. h4 h5
28. Ra1 Nf6 29. Rb1 Nd7 30. Rc1 Nb6 31. Qc5 Rd8 32. d5 Na4 33. Qe7 c5 34. Qf6
Qd6 35. Qxd6 Rxd6 36. Bf1 Bxf1 37. Kxf1 Kf8 38. Rc4 Ra6 39. d6 Nb2 40. Rc2 Nd3
41. Nc4 Ke8 42. Re2+ Kd8 43. Re3 Ra1+ 44. Ke2 Nc1+ 45. Kf3 Ra6 46. Ne5 f6 47.
Nf7+ Kc8 48. Re8+ Kd7 49. Re7+ Kc6 50. d7 Kd5 1-0

[Event "Satty Zhuldyz Rapid 2023"]
[Site "Astana KAZ"]
[Date "2023.04.20"]
[Round "1.5"]
[White "Aronian, Levon"]
[Black "Sindarov, Javokhir"]
[Result "1-0"]
[WhiteTitle "GM"]
[BlackTitle "GM"]
[WhiteElo "2745"]
[BlackElo "2661"]
[WhiteFideId "13300474"]
[BlackFideId "14205483"]
[EventDate "2023.04.20"]

1. e4 e5 2. Nf3 Nc6 3. Bc4 Nf6 4. d3 Bc5 5. c3 d6 6. O-O a5 7. Re1 O-O 8. h3 Ba7
9. Bb3 Ne7 10. d4 Ng6 11. Be3 h6 12. Nbd2 Re8 13. Qc2 Nh5 14. Nf1 Qf6 15. dxe5
Nxe5 16. Nxe5 dxe5 17. Bxa7 Rxa7 18. Re3 Be6 19. Rf3 Nf4 20. Ne3 Raa8 21. Kh2
Bxb3 22. axb3 Qc6 23. Rd1 Rad8 24. Rxd8 Rxd8 25. Nf5 Kh7 26. Ne7 Qc5 27. Nd5
Nxd5 28. exd5+ Kg8 29. c4 g6 30. Qc3 e4 31. Re3 f5 32. f3 Qd6+ 33. g3 Qc5 34.
fxe4 fxe4 35. Qf6 Rd6 36. Qf4 Qd4 37. Rf3 Rd7 38. Rf2 Kh7 39. h4 h5 40. Rd2 Qb6
41. Qxe4 Qxb3 42. c5 Qb4 43. Qxb4 axb4 44. Kg2 Kg7 45. Kf3 Kf6 46. Kf4 b3 47.
Rd3 Rd8 48. Ke4 Re8+ 49. Kd4 Re1 50. Rf3+ Ke7 51. Rxb3 Rd1+ 52. Ke4 Rc1 53. Kd4
Rd1+ 54. Ke5 Rc1 55. Rxb7 Rxc5 56. Rxc7+ 1-0

[Event "Satty Zhuldyz Rapid 2023"]
[Site "Astana KAZ"]
[Date "2023.04.20"]
[Round "2.1"]
[White "Lagno, Kateryna"]
[Black "Martirosyan, Haik M."]
[Result "1/2-1/2"]
[WhiteTitle "GM"]
[BlackTitle "GM"]
[WhiteElo "2560"]
[BlackElo "2675"]
[WhiteFideId "14109336"]
[BlackFideId "13306553"]
[EventDate "2023.04.20"]

1. e4 c5 2. Nf3 Nc6 3. Bb5 e6 4. O-O Nge7 5. Re1 a6 6. Bxc6 Nxc6 7. d4 cxd4 8.
Nxd4 d6 9. Nxc6 bxc6 10. c4 Be7 11. Nc3 O-O 12. Be3 f5 13. exf5 Rxf5 14. Qc2 c5
15. Rad1 Bb7 16. Nd5 Bh4 17. g3 Qd7 18. Nc3 Bf6 19. Qa4 Bc6 20. Qc2 Bxc3 21.
Qxc3 Bb7 22. Kf1 Bf3 23. Rd3 Be4 24. Rd2 Qc6 25. Bf4 e5 26. Be3 Bg2+ 27. Kg1 Be4
28. Red1 Rf6 29. f4 Re8 30. fxe5 Rxe5 31. Bf4 Ree6 32. h4 h6 33. Kh2 Qd7 34. Re1
Qe7 35. Rde2 Qe8 36. Qd2 Qg6 37. Re3 Kh8 38. Qe2 d5 39. cxd5 Bxd5 40. Qd2 Rxe3
41. Rxe3 Bc6 42. Qd8+ Kh7 43. Qd3 Rf5 44. Re5 Rxe5 45. Qxg6+ Kxg6 46. Bxe5 1/2-1/2

[Event "Satty Zhuldyz Rapid 2023"]
[Site "Astana KAZ"]
[Date "2023.04.20"]
[Round "2.3"]
[White "Hou, Yifan"]
[Black "Aronian, Levon"]
[Result "1/2-1/2"]
[WhiteTitle "GM"]
[BlackTitle "GM"]
[WhiteElo "2628"]
[BlackElo "2745"]
[WhiteFideId "8602980"]
[BlackFideId "13300474"]
[EventDate "2023.04.20"]

1. e4 c5 2. Nf3 d6 3. d4 cxd4 4. Nxd4 Nf6 5. Nc3 a6 6. a4 e5 7. Nf3 h6 8. Bc4
Be6 9. Bxe6 fxe6 10. Nh4 Nc6 11. Ng6 Rg8 12. f4 Kf7 13. Nxf8 Rxf8 14. O-O Kg8
15. Be3 exf4 16. Rxf4 Rc8 17. Qe2 Ne5 18. Rd1 Nc4 19. e5 Nxe5 20. Bd4 Qc7 21.
Re1 Nfd7 22. Rxf8+ Nxf8 23. Bxe5 dxe5 24. Qe3 Nd7 25. Re2 Qc6 26. h3 Qc5 27.
Qxc5 Rxc5 28. Ne4 Rd5 29. Kf2 Kf7 30. b3 Ke7 31. Ke3 Nf6 32. Kf3 b6 33. Nd2 Rc5
34. Ne4 Rc8 35. Rd2 Rf8 36. g3 Rc8 37. h4 a5 38. Re2 Nd5 39. Rd2 Nb4 40. c3 Nd5
41. Rd3 Nf6 42. Ke3 Rf8 43. Rd2 Rc8 44. Rd3 Rc6 45. Kf3 Nd7 46. Ke3 h5 47. Rd2
Nc5 48. Nxc5 bxc5 49. Ke4 Rd6 50. Rb2 Rd5 51. Rg2 Rd1 52. g4 hxg4 53. Rxg4 Kf6
54. h5 Rh1 55. Rg6+ Kf7 56. Rg5 Rh3 57. c4 Kf6 58. Rg6+ Ke7 59. Rxg7+ Kd6 60.
Ra7 Rh4+ 61. Ke3 Rxh5 62. Ra6+ Kc7 63. Rxa5 Rh3+ 64. Ke4 Rxb3 65. Rxc5+ Kd6 66.
Rb5 Rc3 67. c5+ 1/2-1/2

[Event "Satty Zhuldyz Rapid 2023"]
[Site "Astana KAZ"]
[Date "2023.04.20"]
[Round "2.4"]
[White "Grischuk, Alexander"]
[Black "Kramnik, Vladimir"]
[Result "1/2-1/2"]
[WhiteTitle "GM"]
[BlackTitle "GM"]
[WhiteElo "2745"]
[BlackElo "2753"]
[WhiteFideId "4126025"]
[BlackFideId "4101588"]
[EventDate "2023.04.20"]

1. d4 Nf6 2. c4 e6 3. Nf3 d5 4. g3 Be7 5. Bg2 O-O 6. O-O dxc4 7. Qc2 a6 8. a4
Bd7 9. Qxc4 Bc6 10. Bg5 Nbd7 11. Nc3 h6 12. Bxf6 Nxf6 13. Rfd1 a5 14. e3 Bxf3
15. Bxf3 c6 16. Kg2 Qb6 17. Qe2 Rfd8 18. h4 Qa6 19. Qc2 Rac8 20. Be2 Qa8 21. Bf3
Qa6 22. Be2 Qa8 23. Bf3 1/2-1/2

[Event "Satty Zhuldyz Rapid 2023"]
[Site "Astana KAZ"]
[Date "2023.04.20"]
[Round "2.6"]
[White "Assaubayeva, Bibisara"]
[Black "Gelfand, Boris"]
[Result "1/2-1/2"]
[WhiteTitle "IM"]
[BlackTitle "GM"]
[WhiteElo "2440"]
[BlackElo "2678"]
[WhiteFideId "13708694"]
[BlackFideId "2805677"]
[EventDate "2023.04.20"]

1. c4 c5 2. Nf3 Nf6 3. Nc3 Nc6 4. d4 cxd4 5. Nxd4 e6 6. e4 Bb4 7. Nxc6 bxc6 8.
Bd3 e5 9. O-O O-O 10. h3 d6 11. Qc2 Bc5 12. Re1 Bd4 13. Ne2 Bc5 14. Nc3 Nh5 15.
Be3 Qh4 16. Bf1 Nf4 17. Bxc5 dxc5 18. Na4 Qe7 19. Qc3 Rb8 20. b3 f6 21. Rad1 Rb4
22. Nb2 Ne6 23. Nd3 Rb6 24. Nb2 Nd4 25. Na4 Rb4 26. Rb1 Be6 27. a3 Rb7 28. Rb2
Rfb8 29. Reb1 Bf7 30. b4 cxb4 31. Rxb4 h6 32. c5 Kh7 33. Kh2 Rxb4 34. Rxb4 Rxb4
35. Qxb4 Qd7 36. Nb2 Nc2 37. Qc3 Nd4 38. Qb4 Nc2 39. Qc3 Nd4 40. Qb4 1/2-1/2

[Event "Satty Zhuldyz Rapid 2023"]
[Site "Astana KAZ"]
[Date "2023.04.20"]
[Round "3.1"]
[White "Gelfand, Boris"]
[Black "Lagno, Kateryna"]
[Result "1/2-1/2"]
[WhiteTitle "GM"]
[BlackTitle "GM"]
[WhiteElo "2678"]
[BlackElo "2560"]
[WhiteFideId "2805677"]
[BlackFideId "14109336"]
[EventDate "2023.04.20"]

1. Nf3 d5 2. d4 Nf6 3. c4 e6 4. g3 Bb4+ 5. Bd2 a5 6. Qa4+ Bd7 7. Qc2 c5 8. dxc5
Bxc5 9. cxd5 Qb6 10. e3 Nxd5 11. Nc3 Nxc3 12. Bxc3 Bb4 13. Rc1 O-O 14. Bd3 Bxc3+
15. Qxc3 Nc6 16. O-O Nb4 17. Bb1 Bb5 18. Rfe1 h6 19. Ne5 Rfd8 20. Qc7 Qxc7 21.
Rxc7 f6 22. Nf3 e5 23. Bf5 Bc6 24. Be6+ Kh7 25. Nh4 Nd5 26. Rf7 Re8 27. Bd7 Re7
28. Bxc6 bxc6 29. Rxe7 Nxe7 30. Rd1 Ra7 31. e4 a4 32. Ng2 Rb7 33. Rd2 c5 34. Ne3
Nc6 35. Kg2 Rb4 36. f3 Nd4 37. Nd5 Rc4 38. Nb6 Rb4 39. Nd5 Rc4 40. Nb6 Rb4 1/2-1/2

[Event "Satty Zhuldyz Rapid 2023"]
[Site "Astana KAZ"]
[Date "2023.04.20"]
[Round "3.3"]
[White "Kramnik, Vladimir"]
[Black "Vakhidov, Jakhongir"]
[Result "0-1"]
[WhiteTitle "GM"]
[BlackTitle "GM"]
[WhiteElo "2753"]
[BlackElo "2607"]
[WhiteFideId "4101588"]
[BlackFideId "14201801"]
[EventDate "2023.04.20"]

1. d4 Nf6 2. Nf3 g6 3. Bg5 Bg7 4. Nbd2 O-O 5. c3 d6 6. e4 c5 7. d5 h6 8. Bh4 e6
9. dxe6 Bxe6 10. Be2 Nbd7 11. O-O Qb6 12. Qc2 Rfe8 13. Rfe1 Qc6 14. a4 a6 15. a5
d5 16. exd5 Bxd5 17. Bc4 Rxe1+ 18. Rxe1 Re8 19. Rxe8+ Nxe8 20. Qd3 Bxc4 21. Nxc4
Qe6 22. h3 Kh7 23. Bg3 f5 24. Nfd2 Ndf6 25. Be5 Bf8 26. Qd8 Be7 27. Qb8 Qd5 28.
b3 Ng7 29. Bd6 Qe6 30. Nf3 Nd7 31. Qc7 Ne8 32. Qxb7 Bxd6 33. g3 Bc7 34. Kg2 g5
35. Nfd2 Kg6 36. b4 cxb4 37. cxb4 Ne5 38. Nxe5+ Bxe5 39. Nf3 Nc7 40. Qb8 Bd6 41.
Qb6 Kf7 42. Nd4 Qd5+ 43. Kg1 f4 44. g4 f3 45. Nxf3 Ne6 46. Qa7+ Kg6 47. Qxa6 Nf4
48. Kf1 Kf7 49. Qa7+ Kg8 50. Qe3 Bxb4 51. Kg1 Bc5 52. Qe8+ Kh7 53. h4 Nh3+ 54.
Kg2 Nf4+ 55. Kh2 Qxf3 56. Qf7+ Kh8 57. Qf6+ Kg8 0-1

[Event "Satty Zhuldyz Rapid 2023"]
[Site "Astana KAZ"]
[Date "2023.04.20"]
[Round "3.4"]
[White "Aronian, Levon"]
[Black "Grischuk, Alexander"]
[Result "1/2-1/2"]
[WhiteTitle "GM"]
[BlackTitle "GM"]
[WhiteElo "2745"]
[BlackElo "2745"]
[WhiteFideId "13300474"]
[BlackFideId "4126025"]
[EventDate "2023.04.20"]

1. e4 e5 2. Nf3 Nc6 3. Bc4 Bc5 4. d3 d6 5. c3 Nf6 6. O-O a6 7. a4 Ba7 8. Re1 h6
9. Nbd2 g5 10. Nf1 g4 11. N3d2 h5 12. b4 h4 13. Nb3 Ne7 14. Be3 Bxe3 15. Nxe3
Ng6 16. d4 Rh5 17. Qc2 Kf8 18. Rad1 Bd7 19. a5 Qe8 20. dxe5 Qxe5 21. Nd5 Kg7 22.
Nd4 Nxd5 23. Bxd5 c6 24. Bb3 Qf6 25. f4 Qxf4 26. Rf1 Qe3+ 27. Kh1 Ne5 28. Ne2
Qh6 29. Nf4 Rg5 30. Qd2 Re8 31. Qxd6 Qxd6 32. Rxd6 Bc8 33. Kg1 h3 34. Rd2 f6 35.
Bd1 hxg2 36. Nxg2 Be6 37. Ne3 Re7 38. Kg2 Nc4 39. Nxc4 Bxc4 40. Rf4 Be6 41. Kg3
c5 42. Be2 cxb4 43. cxb4 Kf7 44. Rd6 Kg7 45. Rb6 Rg6 46. Bd3 Rg5 47. Bc2 Rc7 48.
Bd1 Re7 49. Bc2 Rc7 50. Bd1 Re7 51. Be2 Rg6 52. b5 axb5 53. Rxb5 Rg5 54. e5 Rxe5
55. Rxe5 fxe5 56. Rb4 Kf6 57. Rb6 Kg5 58. Rb5 Bf5 59. Rc5 Rh7 60. Rxe5 Rh3+ 61.
Kg2 Kf4 62. Re7 Ra3 63. Kf2 Rxa5 1/2-1/2

[Event "Satty Zhuldyz Rapid 2023"]
[Site "Astana KAZ"]
[Date "2023.04.20"]
[Round "3.6"]
[White "Martirosyan, Haik M."]
[Black "Sindarov, Javokhir"]
[Result "1-0"]
[WhiteTitle "GM"]
[BlackTitle "GM"]
[WhiteElo "2675"]
[BlackElo "2661"]
[WhiteFideId "13306553"]
[BlackFideId "14205483"]
[EventDate "2023.04.20"]

1. e4 e5 2. Nf3 Nc6 3. Bc4 Nf6 4. d3 Bc5 5. c3 d6 6. O-O a5 7. Nbd2 O-O 8. Re1
Be6 9. h3 Bxc4 10. Nxc4 a4 11. Bg5 h6 12. Bh4 b5 13. Ne3 Bxe3 14. Rxe3 Qe7 15.
Nh2 g5 16. Bg3 Qe6 17. d4 Ne7 18. f3 Nh5 19. Bf2 Nf4 20. Nf1 c5 21. Qd2 Neg6 22.
Ree1 c4 23. Ne3 Kh7 24. Red1 Nd3 25. d5 Qd7 26. b3 axb3 27. axb3 Nxf2 28. Qxf2
cxb3 29. Rab1 Ra3 30. c4 Rc8 31. cxb5 Qxb5 32. Rd2 Nf4 33. Nf5 Qa6 34. Kh2 Ra1
35. Rxa1 Qxa1 36. Qb6 Rc1 37. Qxd6 Rh1+ 38. Kg3 Rxh3+ 39. Kg4 Qe1 40. gxh3 h5+
41. Kxg5 Nxh3+ 42. Kf6 Qxd2 43. Kxf7 Qg5 44. Qc7 Nf4 45. Kf8+ Kh8 46. Qxe5+ Kh7
47. Qc7+ Kh8 48. Qc3+ Kh7 49. Qc7+ Kh8 50. Qc3+ Kh7 51. Ke8 Qg6+ 52. Kd7 Nxd5
53. Qxb3 Qf7+ 54. Kd6 Qc7+ 55. Ke6 Qc8+ 56. Ke5 Qh8+ 57. Kd6 Qf8+ 58. Kc6 Qc8+
59. Kb5 Nc7+ 60. Kb4 Ne6 61. Qd5 Qe8 62. Kc3 Kg6 63. Kd2 Kf6 64. Nd6 Qa4 65. Nc4
h4 66. Qf5+ Ke7 67. Qh7+ Kf8 68. Qh8+ Kf7 69. Ne5+ Ke7 70. Qxh4+ Kd6 71. Nf7+
Kd7 72. Qf6 Qb4+ 73. Qc3 Qa4 74. Ne5+ Kd6 75. Nd3 Qa2+ 76. Qb2 Qa6 77. Qe5+ Ke7
78. Nf4 Qa2+ 79. Ke3 Qa7+ 80. Ke2 Qa2+ 81. Kf1 Qc4+ 82. Kg2 1-0

[Event "Satty Zhuldyz Rapid 2023"]
[Site "Astana KAZ"]
[Date "2023.04.20"]
[Round "4.1"]
[White "Lagno, Kateryna"]
[Black "Sindarov, Javokhir"]
[Result "0-1"]
[WhiteTitle "GM"]
[BlackTitle "GM"]
[WhiteElo "2560"]
[BlackElo "2661"]
[WhiteFideId "14109336"]
[BlackFideId "14205483"]
[EventDate "2023.04.20"]

1. e4 e5 2. Nf3 Nc6 3. Bb5 a6 4. Ba4 Nf6 5. O-O Be7 6. Re1 b5 7. Bb3 O-O 8. d3
d6 9. Bd2 Bb7 10. a4 Qd7 11. Nc3 Na5 12. Ba2 c5 13. Bg5 b4 14. Bxf6 Bxf6 15. Nd5
Bd8 16. c3 Nc6 17. d4 bxc3 18. bxc3 cxd4 19. cxd4 Ba5 20. Re3 Kh8 21. dxe5 Nxe5
22. Nxe5 dxe5 23. Qh5 Qd6 24. Rh3 Qg6 25. Qxe5 Rae8 26. Ne7 Qxe4 27. Qxe4 Bxe4
28. Nd5 Rd8 29. Rd1 Rd6 30. Re3 f5 31. Kf1 Rfd8 32. f3 Bc2 33. Ra1 Bxa4 34. Bc4
Rxd5 35. Rxa4 Rd1+ 0-1

[Event "Satty Zhuldyz Rapid 2023"]
[Site "Astana KAZ"]
[Date "2023.04.20"]
[Round "4.2"]
[White "Hou, Yifan"]
[Black "Martirosyan, Haik M."]
[Result "1-0"]
[WhiteTitle "GM"]
[BlackTitle "GM"]
[WhiteElo "2628"]
[BlackElo "2675"]
[WhiteFideId "8602980"]
[BlackFideId "13306553"]
[EventDate "2023.04.20"]

1. e4 c5 2. Nf3 Nc6 3. d4 cxd4 4. Nxd4 e6 5. Nc3 Qc7 6. Be3 a6 7. Be2 Nf6 8. O-O
d6 9. f4 Be7 10. Kh1 O-O 11. Qe1 Nxd4 12. Bxd4 b5 13. Qg3 Bb7 14. a3 Rad8 15.
Rae1 Rd7 16. Bd3 Rc8 17. e5 dxe5 18. Bxe5 Qd8 19. f5 exf5 20. Bxf5 Rd2 21. Be4
Rd7 22. Bxb7 Rxb7 23. Ne4 Ne8 24. Qf3 Qd5 25. Rd1 Qe6 26. Ng5 Bxg5 27. Qxb7 Rxc2
28. Bc3 Bh4 29. Rf4 Qd6 1-0

[Event "Satty Zhuldyz Rapid 2023"]
[Site "Astana KAZ"]
[Date "2023.04.20"]
[Round "4.4"]
[White "Vakhidov, Jakhongir"]
[Black "Aronian, Levon"]
[Result "1/2-1/2"]
[WhiteTitle "GM"]
[BlackTitle "GM"]
[WhiteElo "2607"]
[BlackElo "2745"]
[WhiteFideId "14201801"]
[BlackFideId "13300474"]
[EventDate "2023.04.20"]

1. c4 e5 2. Nc3 Nf6 3. Nf3 Nc6 4. e3 Bb4 5. Qc2 Bxc3 6. bxc3 O-O 7. e4 d6 8. Be2
Kh8 9. O-O Ng8 10. d4 b6 11. c5 Qf6 12. cxd6 cxd6 13. Qa4 Bb7 14. Ba3 Rfd8 15.
d5 Nb8 16. Nd2 Qe7 17. Nc4 Ba6 18. Qb4 Nf6 19. Bd3 Nbd7 20. Qb3 Nc5 21. Bxc5
dxc5 22. Qa4 Bxc4 23. Qxc4 Ne8 24. a4 Nd6 25. Qb3 c4 26. Bxc4 Nxe4 27. Qc2 Nf6
28. Rfd1 Rac8 29. Qa2 Ne4 30. Rac1 Rc5 31. Qe2 Nd6 32. Bb3 e4 33. Re1 Re8 34.
Qe3 f5 35. f3 Qf6 36. Qd4 Rec8 37. Qxf6 gxf6 38. c4 Nxc4 39. fxe4 fxe4 40. Rxe4
Ne5 41. Rf1 Rc1 42. Ree1 Rxe1 43. Rxe1 Rc3 44. Rb1 Kg7 45. a5 b5 46. d6 a6 47.
Be6 Rd3 48. Rc1 Rxd6 49. Rc7+ Kg6 50. Bg8 Rd7 51. Rc8 h5 52. h3 Rd6 53. Rb8 Kf5
54. Kh2 Kf4 55. Rb7 Rd2 56. Kg1 Ng6 57. Rg7 Ne5 58. Ra7 Rd6 59. Rh7 Rd1+ 60. Kf2
Rd2+ 61. Kg1 b4 62. Rb7 Nd3 63. Kh2 Ke5 64. Bc4 Nf4 65. Bf1 Nd5 66. Bxa6 Ne3 67.
Re7+ Kf4 68. Bb7 Nf1+ 69. Kg1 Ng3 70. Re1 Ne2+ 71. Kh2 Nc3 72. a6 Ra2 73. Re6 b3
74. Rxf6+ Kg5 75. Rb6 b2 76. a7 b1=Q 77. Rxb1 Nxb1 78. a8=Q Rxa8 79. Bxa8 h4 1/2-1/2

[Event "Satty Zhuldyz Rapid 2023"]
[Site "Astana KAZ"]
[Date "2023.04.20"]
[Round "4.5"]
[White "Assaubayeva, Bibisara"]
[Black "Kramnik, Vladimir"]
[Result "1/2-1/2"]
[WhiteTitle "IM"]
[BlackTitle "GM"]
[WhiteElo "2440"]
[BlackElo "2753"]
[WhiteFideId "13708694"]
[BlackFideId "4101588"]
[EventDate "2023.04.20"]

1. c4 Nf6 2. Nc3 e5 3. Nf3 Nc6 4. e4 d6 5. h3 g6 6. d3 Bg7 7. g3 O-O 8. Bg2 a6
9. O-O b5 10. cxb5 axb5 11. Nxb5 Ba6 12. Nc3 Nd7 13. a3 Nd4 14. b4 c5 15. Rb1
Rb8 16. Be3 h6 17. Re1 Kh7 18. Bxd4 cxd4 19. Nd5 Bb7 20. Qb3 Ba8 21. Qa2 Bxd5
22. exd5 f5 23. Nd2 h5 24. h4 Bh6 25. Nc4 Nf6 26. b5 f4 27. Qe2 Ng4 28. Bf3 fxg3
29. fxg3 Ne3 30. Nxe3 Bxe3+ 31. Kg2 Qa5 32. Rf1 Kg7 33. Qb2 Qc3 34. Qb4 Qc2+ 35.
Kh1 Qxd3 36. Bg2 Rbd8 37. b6 Bd2 38. Qb3 Bc3 39. Kh2 Rxf1 40. Rxf1 Qa6 41. Qc2
Qb7 42. Qf2 Qe7 43. Be4 Rb8 44. Rb1 d3 45. Bxd3 Bd4 46. Qc2 Rf8 47. Qc7 Qxc7 48.
bxc7 Rc8 49. Rb7 e4 50. Bxe4 Bc3 51. Rb6 Rxc7 52. Rxd6 Bf6 53. Ra6 Rc4 54. Bd3
Rd4 55. Bb1 1/2-1/2

[Event "Satty Zhuldyz Rapid 2023"]
[Site "Astana KAZ"]
[Date "2023.04.21"]
[Round "5.2"]
[White "Kramnik, Vladimir"]
[Black "Gelfand, Boris"]
[Result "1/2-1/2"]
[WhiteTitle "GM"]
[BlackTitle "GM"]
[WhiteElo "2753"]
[BlackElo "2678"]
[WhiteFideId "4101588"]
[BlackFideId "2805677"]
[EventDate "2023.04.20"]

1. e4 c5 2. Nf3 e6 3. Be2 Nc6 4. O-O Nf6 5. Nc3 d5 6. exd5 exd5 7. d4 cxd4 8.
Nxd4 Bc5 9. Nb3 Bb4 10. Nb5 O-O 11. c3 Be7 12. Bf4 a6 13. Nc7 Ra7 14. Bf3 Be6
15. Nd4 Bc8 16. Nc2 Be6 17. Ne3 d4 18. Nxe6 fxe6 19. Bxc6 bxc6 20. Qxd4 Qxd4 21.
cxd4 c5 22. Be5 cxd4 23. Bxd4 Rd7 24. Rad1 Ne4 25. f3 Bg5 26. Nc4 Rfd8 27. fxe4
Rxd4 28. Rxd4 Rxd4 29. b3 Rxe4 30. Kf2 Kf8 31. Rd1 Ke7 32. g3 Bf6 33. Na5 Ke8
34. Nc6 Rg4 35. Rd6 Rg5 36. Nb4 a5 37. Nd3 Ke7 38. Ra6 Rf5+ 39. Ke3 Bc3 40. a3
Rb5 41. a4 Rxb3 42. Nc5 Ra3 43. Ke4 Bb4 44. Nxe6 Rxa4 45. Kd5 Ra2 46. Nxg7 Rd2+
47. Ke4 Rxh2 48. Nf5+ Kd7 49. Ne3 Re2 50. Kf3 Rd2 51. g4 Rd6 52. Ra7+ Kc6 53.
Rxh7 a4 54. g5 Bc5 55. Nf5 Rd8 56. g6 a3 57. g7 a2 58. Rh1 Rg8 59. Ra1 Rxg7 60.
Nxg7 Bd4 61. Rc1+ Kd5 62. Nf5 a1=Q 63. Ne3+ Ke6 64. Rxa1 Bxa1 1/2-1/2

[Event "Satty Zhuldyz Rapid 2023"]
[Site "Astana KAZ"]
[Date "2023.04.21"]
[Round "5.3"]
[White "Aronian, Levon"]
[Black "Assaubayeva, Bibisara"]
[Result "1-0"]
[WhiteTitle "GM"]
[BlackTitle "IM"]
[WhiteElo "2745"]
[BlackElo "2440"]
[WhiteFideId "13300474"]
[BlackFideId "13708694"]
[EventDate "2023.04.20"]

1. e4 c5 2. Nf3 g6 3. c3 d5 4. exd5 Qxd5 5. d4 Bg7 6. Na3 cxd4 7. Be3 Nh6 8. Nb5
Na6 9. Bxd4 Bxd4 10. Qxd4 Qxd4 11. Nfxd4 Nf5 12. Nb3 O-O 13. Be2 Bd7 14. Rd1
Bxb5 15. Bxb5 Nc7 16. Bd3 Nd6 17. Kd2 Ne6 18. Rhe1 Rfd8 19. Kc2 Rac8 20. Bf1 Kf8
21. g3 Nc5 22. Nd4 a6 23. Bg2 Ke8 24. b3 Rc7 25. a4 Rdc8 26. Re3 b5 27. axb5
axb5 28. Kb2 Kf8 29. Re2 h5 30. Nc2 Ne6 31. Bh3 Rxc3 32. Bxe6 fxe6 33. Nd4 Kf7
34. Nxe6 h4 35. Ng5+ Kf8 36. Rd4 hxg3 37. hxg3 Nf5 38. Rb4 Rd3 39. Ne6+ Kf7 40.
g4 Nd6 41. Rf4+ Kg8 42. Rc2 Rxc2+ 43. Kxc2 Rd5 44. Rf8+ Kh7 45. f4 Ne4 46. Rf7+
Kh8 47. Rxe7 Rd2+ 48. Kc1 Rg2 49. Re8+ Kh7 50. Nf8+ Kg7 51. Rxe4 Kxf8 52. g5 Rf2
53. Kd1 Kf7 54. Ke1 Rb2 55. Rb4 Ke6 56. Rxb5 Rc2 57. Re5+ Kf7 58. Re4 Rb2 59. b4 1-0

[Event "Satty Zhuldyz Rapid 2023"]
[Site "Astana KAZ"]
[Date "2023.04.21"]
[Round "5.5"]
[White "Martirosyan, Haik M."]
[Black "Grischuk, Alexander"]
[Result "1-0"]
[WhiteTitle "GM"]
[BlackTitle "GM"]
[WhiteElo "2675"]
[BlackElo "2745"]
[WhiteFideId "13306553"]
[BlackFideId "4126025"]
[EventDate "2023.04.20"]

1. d4 Nf6 2. c4 g6 3. Nc3 Bg7 4. e4 d6 5. Be2 O-O 6. Be3 Na6 7. h4 c5 8. d5 e6
9. dxe6 Bxe6 10. h5 Nb4 11. hxg6 fxg6 12. Qd2 Re8 13. Nh3 Bxh3 14. Rxh3 Qe7 15.
f3 Nc6 16. O-O-O Rad8 17. Rdh1 Qf7 18. Bg5 Rd7 19. Nd5 Qf8 20. Kb1 Nd4 21. Bxf6
Bxf6 22. Bd3 a6 23. f4 b5 24. g4 Rg7 25. Qh2 1-0

[Event "Satty Zhuldyz Rapid 2023"]
[Site "Astana KAZ"]
[Date "2023.04.21"]
[Round "5.6"]
[White "Sindarov, Javokhir"]
[Black "Hou, Yifan"]
[Result "1/2-1/2"]
[WhiteTitle "GM"]
[BlackTitle "GM"]
[WhiteElo "2661"]
[BlackElo "2628"]
[WhiteFideId "14205483"]
[BlackFideId "8602980"]
[EventDate "2023.04.20"]

1. e4 c5 2. Nc3 d6 3. f4 g6 4. Nf3 Bg7 5. Bc4 Nc6 6. O-O e6 7. d4 cxd4 8. Nb5
Nge7 9. Bb3 O-O 10. Nbxd4 Nxd4 11. Nxd4 Nc6 12. Be3 Qe7 13. Qd2 Nxd4 14. Bxd4
Bxd4+ 15. Qxd4 e5 16. fxe5 dxe5 17. Qd5 Be6 18. Qxe5 Rae8 19. Rfe1 Qb4 20. Qc3
Qxc3 21. bxc3 Rc8 22. Re3 Rfd8 23. Kf1 Rd2 24. Rc1 Rcd8 25. h3 Kg7 26. Re2 Kf6
27. Ke1 Rxe2+ 28. Kxe2 Ke5 29. Ke3 Rc8 30. Kd3 Rd8+ 1/2-1/2

[Event "Satty Zhuldyz Rapid 2023"]
[Site "Astana KAZ"]
[Date "2023.04.21"]
[Round "6.1"]
[White "Lagno, Kateryna"]
[Black "Hou, Yifan"]
[Result "1-0"]
[WhiteTitle "GM"]
[BlackTitle "GM"]
[WhiteElo "2560"]
[BlackElo "2628"]
[WhiteFideId "14109336"]
[BlackFideId "8602980"]
[EventDate "2023.04.20"]

1. e4 c5 2. Nf3 Nc6 3. Bb5 g6 4. Bxc6 dxc6 5. d3 Bg7 6. h3 e5 7. a4 b6 8. a5 b5
9. Be3 Qd6 10. Nbd2 Nf6 11. Nb3 c4 12. Nc5 cxd3 13. cxd3 Nh5 14. O-O Nf4 15. Rc1
O-O 16. Qd2 Ne6 17. Nxe6 Qxe6 18. Qc3 Bd7 19. d4 exd4 20. Bxd4 Bxd4 21. Qxd4
Rfd8 22. Rfd1 Qe7 23. Qe5 Qb4 24. Qf6 Qxe4 25. Rd6 Qf5 26. Qe7 b4 27. Rcd1 Re8
28. Qxd7 Qxa5 29. Qxc6 Rac8 30. Qd5 Rc5 31. Qd4 Rc2 32. Rd5 Qa2 33. Rd8 Rxd8 34.
Qxd8+ Kg7 35. Qd4+ f6 36. Qxb4 1-0